[Event "414 Stay Safe Play From Home series"]
[Site "Emanuel Lasker Arena"]
[Date "2020.08.27"]
[Round "1"]
[White "NTBT_DHS"]
[Black "Subkat62"]
[Result "1-0"]
[WhiteElo "2546"]
[BlackElo "2138"]
[Annotator "NA"]
[PlyCount "71"]
[EventDate "2020.08.27"]
[EventType "swiss (blitz)"]

1. e4 {[%emt 0:00:01]} c5 {[%emt 0:00:01]} 2. Nf3 {[%emt 0:00:00]} Nc6 {[%emt 0:00:01]} 3. Bb5 {[%emt 0:00:01]} g6 {[%emt 0:00:01]} 4. c3 {[%emt 0:00:01]} Bg7 {[%emt 0:00:01]} 5. O-O {[%emt 0:00:00]} Nf6 {[%emt 0:00:02]} 6. e5 {[%emt 0:00:00]} Nd5 {[%emt 0:00:01]} 7. Bc4 {[%emt 0:00:00]} Nb6 {[%emt 0:00:01]} 8. Bb3 {[%emt 0:00:00]} O-O {[%emt 0:00:01]} 9. d4 {[%emt 0:00:00]} cxd4 {[%emt 0:00:02]} 10. cxd4 {[%emt 0:00:00]} d5 {[%emt 0:00:01]} 11. Nc3 {[%emt 0:00:01]} Bg4 {[%emt 0:00:01]} 12. Be3 {[%emt 0:00:02]} Rc8 {[%emt 0:00:02]} 13. h3 {[%emt 0:00:00]} Bxf3 {[%emt 0:00:01]} 14. Qxf3 {[%emt 0:00:00]} Na5 {[%emt 0:00:00]} 15. Rac1 {[%emt 0:00:06]} Nxb3 {[%emt 0:00:01]} 16. axb3 {[%emt 0:00:00]} h6 {[%emt 0:00:03]} 17. e6 {[%emt 0:00:03]} f5 {[%emt 0:00:02]} 18. Qg3 {[%emt 0:00:01]} Kh7 {[%emt 0:00:01]} 19. Rfd1 {[%emt 0:00:02]} Qd6 {[%emt 0:00:02]} 20. Qxd6 {[%emt 0:00:01]} exd6 {[%emt 0:00:00]} 21. Bf4 {[%emt 0:00:01]} Rfe8 {[%emt 0:00:03]} 22. Nb5 {[%emt 0:00:04]} Rxc1 {[%emt 0:00:03]} 23. Rxc1 {[%emt 0:00:00]} Rxe6 {[%emt 0:00:01]} 24. Rc7 {[%emt 0:00:01]} Re4 {[%emt 0:00:03]} 25. Bxd6 {[%emt 0:00:01]} Kg8 {[%emt 0:00:08]} 26. Rxb7 {[%emt 0:00:04]} Bxd4 {[%emt 0:00:01]} 27. Nxd4 {[%emt 0:00:02]} Rxd4 {[%emt 0:00:00]} 28. Rxa7 {[%emt 0:00:01]} Rd2 {[%emt 0:00:02]} 29. Rb7 {[%emt 0:00:02]} Nc8 {[%emt 0:00:03]} 30. Rb8 {[%emt 0:00:01]} Rc2 {[%emt 0:00:01]} 31. b4 {[%emt 0:00:00]} Kf7 {[%emt 0:00:01]} 32. Bc5 {[%emt 0:00:00]} Ke6 {[%emt 0:00:01]} 33. Rxc8 {[%emt 0:00:01]} Rxb2 {[%emt 0:00:01]} 34. Re8+ {[%emt 0:00:01]} Kd7 {[%emt 0:00:01]} 35. Rg8 {[%emt 0:00:01]} g5 {[%emt 0:00:01]} 36. Rg6 {[%emt 0:00:01] Subkat62 resigns Subkat62 resigns Subkat62 resigns (Lag: Av=0.51s, max=0.9s) (Lag: Av=0.51s, max=0.9s) (Lag: Av=0.51s, max=0.9s)} 1-0

[Event "414 Stay Safe Play From Home series"]
[Site "Emanuel Lasker Arena"]
[Date "2020.08.27"]
[Round "1"]
[White "Eidgenosse"]
[Black "Nguyen Hong Anh"]
[Result "1-0"]
[WhiteElo "2481"]
[BlackElo "2267"]
[PlyCount "129"]
[EventDate "2020.08.27"]
[EventType "swiss (blitz)"]

1. Nf3 {[%emt 0:00:00]} Nf6 {[%emt 0:00:02]} 2. e3 {[%emt 0:00:00]} g6 {[%emt 0:00:01]} 3. c4 {[%emt 0:00:00]} Bg7 {[%emt 0:00:00]} 4. Nc3 {[%emt 0:00:00]} d5 {[%emt 0:00:01]} 5. cxd5 {[%emt 0:00:01]} Nxd5 {[%emt 0:00:00]} 6. Be2 {[%emt 0:00:01]} O-O {[%emt 0:00:01]} 7. O-O {[%emt 0:00:01]} c5 {[%emt 0:00:01]} 8. Qc2 {[%emt 0:00:02]} Nc6 {[%emt 0:00:01]} 9. b3 {[%emt 0:00:00]} Ndb4 {[%emt 0:00:01]} 10. Qb1 {[%emt 0:00:01]} Bf5 {[%emt 0:00:01]} 11. e4 {[%emt 0:00:00]} Bg4 {[%emt 0:00:02]} 12. Bb2 {[%emt 0:00:01]} Bxf3 {[%emt 0:00:01]} 13. Bxf3 {[%emt 0:00:00]} Nd3 {[%emt 0:00:01]} 14. Bd1 {[%emt 0:00:05]} Ncb4 {[%emt 0:00:02]} 15. a3 {[%emt 0:00:03]} Nxb2 {[%emt 0:00:01]} 16. Qxb2 {[%emt 0:00:00]} Nd3 {[%emt 0:00:01]} 17. Qc2 {[%emt 0:00:00]} Rc8 {[%emt 0:00:02]} 18. Be2 {[%emt 0:00:01]} Nb4 {[%emt 0:00:01]} 19. axb4 {[%emt 0:00:03]} cxb4 {[%emt 0:00:00]} 20. Rxa7 {[%emt 0:00:00]} bxc3 {[%emt 0:00:01]} 21. dxc3 {[%emt 0:00:01]} Rxc3 {[%emt 0:00:01]} 22. Qb1 {[%emt 0:00:01]} Qb6 {[%emt 0:00:01]} 23. Ra4 {[%emt 0:00:04]} Rfc8 {[%emt 0:00:01]} 24. Rc4 {[%emt 0:00:01]} R8xc4 {[%emt 0:00:03]} 25. Bxc4 {[%emt 0:00:00]} e6 {[%emt 0:00:01]} 26. Qd1 {[%emt 0:00:01]} Bf6 {[%emt 0:00:01]} 27. g3 {[%emt 0:00:02]} Qc5 {[%emt 0:00:01]} 28. Qe2 {[%emt 0:00:02]} b5 {[%emt 0:00:02]} 29. Bxb5 {[%emt 0:00:01]} Rxb3 {[%emt 0:00:00]} 30. Bd3 {[%emt 0:00:03]} Rb2 {[%emt 0:00:00]} 31. Qf3 {[%emt 0:00:01]} Bd4 {[%emt 0:00:01]} 32. h4 {[%emt 0:00:03]} Kg7 {[%emt 0:00:01]} 33. h5 {[%emt 0:00:01]} Qxh5 {[%emt 0:00:01]} 34. Qxh5 {[%emt 0:00:01]} gxh5 {[%emt 0:00:00]} 35. Kg2 {[%emt 0:00:00]} e5 {[%emt 0:00:01]} 36. Bc4 {[%emt 0:00:03]} Kg6 {[%emt 0:00:01]} 37. Bd5 {[%emt 0:00:00]} f6 {[%emt 0:00:01]} 38. Bc6 {[%emt 0:00:01]} Kg5 {[%emt 0:00:01]} 39. Bd7 {[%emt 0:00:01]} h6 {[%emt 0:00:01]} 40. Kg1 {[%emt 0:00:02]} h4 {[%emt 0:00:01]} 41. gxh4+ {[%emt 0:00:00]} Kxh4 {[%emt 0:00:00]} 42. Kg2 {[%emt 0:00:00]} Kg5 {[%emt 0:00:00]} 43. Bf5 {[%emt 0:00:00]} Kf4 {[%emt 0:00:00]} 44. Be6 {[%emt 0:00:00]} Kxe4 {[%emt 0:00:02]} 45. Kg3 {[%emt 0:00:00]} Kd3 {[%emt 0:00:03]} 46. f3 {[%emt 0:00:01]} Be3 {[%emt 0:00:01]} 47. Bf5+ {[%emt 0:00:00]} Kd4 {[%emt 0:00:01]} 48. Rh1 {[%emt 0:00:00]} Bf4+ {[%emt 0:00:01]} 49. Kh4 {[%emt 0:00:02]} Ke3 {[%emt 0:00:01]} 50. Be4 {[%emt 0:00:01]} Rg2 {[%emt 0:00:01]} 51. Re1+ {[%emt 0:00:01]} Kd2 {[%emt 0:00:01]} 52. Rh1 {[%emt 0:00:00]} Rf2 {[%emt 0:00:01]} 53. Rh3 {[%emt 0:00:01]} Ke2 {[%emt 0:00:01]} 54. Kg4 {[%emt 0:00:00]} Rg2+ {[%emt 0:00:00]} 55. Kf5 {[%emt 0:00:00]} Bg5 {[%emt 0:00:00]} 56. Rh1 {[%emt 0:00:01]} Rf2 {[%emt 0:00:00]} 57. Ra1 {[%emt 0:00:01]} Ke3 {[%emt 0:00:00]} 58. Ra3+ {[%emt 0:00:00]} Ke2 {[%emt 0:00:00]} 59. Ra4 {[%emt 0:00:00]} Kf1 {[%emt 0:00:01]} 60. Ra1+ {[%emt 0:00:00]} Kg2 {[%emt 0:00:00]} 61. f4+ {[%emt 0:00:01]} Kg3 {[%emt 0:00:01]} 62. Ra3+ {[%emt 0:00:01]} Kh4 {[%emt 0:00:01]} 63. Ke6 {[%emt 0:00:01]} Rxf4 {[%emt 0:00:00]} 64. Bf5 {[%emt 0:00:00]} Re4 {[%emt 0:00:00]} 65. Rh3# {[%emt 0:00:00] (Lag: Av=1.06s, max=1.9s) (Lag: Av=1.06s, max=1.9s) (Lag: Av=1.06s, max=1.9s)} 1-0

[Event "414 Stay Safe Play From Home series"]
[Site "Emanuel Lasker Arena"]
[Date "2020.08.27"]
[Round "1"]
[White "Mepe_Nika"]
[Black "TheCHESSHOUSE"]
[Result "1-0"]
[WhiteElo "2374"]
[BlackElo "2074"]
[PlyCount "85"]
[EventDate "2020.08.27"]
[EventType "swiss (blitz)"]

1. d4 {[%emt 0:00:01]} Nf6 {[%emt 0:00:01]} 2. Nf3 {[%emt 0:00:01]} g6 {[%emt 0:00:01]} 3. c3 {[%emt 0:00:02]} Bg7 {[%emt 0:00:01]} 4. Bg5 {[%emt 0:00:00]} d6 {[%emt 0:00:00]} 5. Nbd2 {[%emt 0:00:01]} O-O {[%emt 0:00:01]} 6. e4 {[%emt 0:00:00]} Nc6 {[%emt 0:00:01]} 7. Be2 {[%emt 0:00:00]} e5 {[%emt 0:00:01]} 8. d5 {[%emt 0:00:02]} Ne7 {[%emt 0:00:01]} 9. O-O {[%emt 0:00:01]} h6 {[%emt 0:00:00]} 10. Bxf6 {[%emt 0:00:01]} Bxf6 {[%emt 0:00:01]} 11. c4 {[%emt 0:00:00]} Bg7 {[%emt 0:00:01]} 12. Ne1 {[%emt 0:00:00]} f5 {[%emt 0:00:01]} 13. f3 {[%emt 0:00:00]} f4 {[%emt 0:00:01]} 14. Nd3 {[%emt 0:00:02]} g5 {[%emt 0:00:00]} 15. b4 {[%emt 0:00:01]} Ng6 {[%emt 0:00:01]} 16. c5 {[%emt 0:00:01]} Qe7 {[%emt 0:00:01]} 17. Nc4 {[%emt 0:00:01]} h5 {[%emt 0:00:01]} 18. b5 {[%emt 0:00:02]} Nh4 {[%emt 0:00:03]} 19. a4 {[%emt 0:00:04]} Rf7 {[%emt 0:00:01]} 20. a5 {[%emt 0:00:01]} Qf6 {[%emt 0:00:02]} 21. b6 {[%emt 0:00:01]} cxb6 {[%emt 0:00:03]} 22. Nxd6 {[%emt 0:00:02]} bxc5 {[%emt 0:00:07]} 23. Nxf7 {[%emt 0:00:01]} Qxf7 {[%emt 0:00:00]} 24. Nxc5 {[%emt 0:00:01]} Qg6 {[%emt 0:00:05]} 25. Qb3 {[%emt 0:00:01]} Kh7 {[%emt 0:00:01]} 26. Ne6 {[%emt 0:00:02]} g4 {[%emt 0:00:02]} 27. fxg4 {[%emt 0:00:01]} hxg4 {[%emt 0:00:01]} 28. Rac1 {[%emt 0:00:00]} Bxe6 {[%emt 0:00:01]} 29. dxe6 {[%emt 0:00:01]} f3 {[%emt 0:00:01]} 30. Bd1 {[%emt 0:00:10]} Nxg2 {[%emt 0:00:04]} 31. Rc7 {[%emt 0:00:04]} Rg8 {[%emt 0:00:02]} 32. Qd5 {[%emt 0:00:03]} Nf4 {[%emt 0:00:02]} 33. Qxe5 {[%emt 0:00:02]} Nh3+ {[%emt 0:00:01]} 34. Kh1 {[%emt 0:00:01]} Kh8 {[%emt 0:00:01]} 35. Qf5 {[%emt 0:00:02]} Qh6 {[%emt 0:00:02]} 36. Bxf3 {[%emt 0:00:02]} gxf3 {[%emt 0:00:01]} 37. Rxf3 {[%emt 0:00:00]} Ng5 {[%emt 0:00:01]} 38. Rg3 {[%emt 0:00:01]} Nxe6 {[%emt 0:00:02]} 39. Qg6 {[%emt 0:00:02]} Qxg6 {[%emt 0:00:01]} 40. Rxg6 {[%emt 0:00:00]} Nf4 {[%emt 0:00:00]} 41. Rg4 {[%emt 0:00:01]} Ne6 {[%emt 0:00:01]} 42. Rh4+ {[%emt 0:00:00]} Bh6 {[%emt 0:00:01]} 43. Rxh6# {[%emt 0:00:00] (Lag: Av=0.75s, max=1.7s) (Lag: Av=0.75s, max=1.7s) (Lag: Av=0.75s, max=1.7s)} 1-0

[Event "414 Stay Safe Play From Home series"]
[Site "Emanuel Lasker Arena"]
[Date "2020.08.27"]
[Round "1"]
[White "Stefanone"]
[Black "Tran Minh Thang"]
[Result "0-1"]
[WhiteElo "2072"]
[BlackElo "2468"]
[PlyCount "58"]
[EventDate "2020.08.27"]
[EventType "swiss (blitz)"]

1. d4 {[%emt 0:00:01]} Nf6 {[%emt 0:00:16]} 2. e3 {[%emt 0:00:00]} g6 {[%emt 0:00:01]} 3. f4 {[%emt 0:00:00]} Bg7 {[%emt 0:00:00]} 4. Nf3 {[%emt 0:00:00]} O-O {[%emt 0:00:00]} 5. Bd3 {[%emt 0:00:00]} d5 {[%emt 0:00:00]} 6. Qe2 {[%emt 0:00:00]} c5 {[%emt 0:00:00]} 7. c3 {[%emt 0:00:00]} cxd4 {[%emt 0:00:00]} 8. exd4 {[%emt 0:00:01]} b6 {[%emt 0:00:01]} 9. Ne5 {[%emt 0:00:01]} a5 {[%emt 0:00:00]} 10. O-O {[%emt 0:00:01]} Ba6 {[%emt 0:00:00]} 11. Nd2 {[%emt 0:00:01]} Bxd3 {[%emt 0:00:01]} 12. Qxd3 {[%emt 0:00:00]} e6 {[%emt 0:00:00]} 13. Qe2 {[%emt 0:00:01]} Nbd7 {[%emt 0:00:00]} 14. g4 {[%emt 0:00:01]} h5 {[%emt 0:00:02]} 15. g5 {[%emt 0:00:01]} Ne8 {[%emt 0:00:01]} 16. h4 {[%emt 0:00:01]} Nd6 {[%emt 0:00:01]} 17. Ndf3 {[%emt 0:00:02]} Nf5 {[%emt 0:00:00]} 18. Qg2 {[%emt 0:00:03]} Nxe5 {[%emt 0:00:01]} 19. Nxe5 {[%emt 0:00:01]} b5 {[%emt 0:00:00]} 20. Re1 {[%emt 0:00:02]} Bxe5 {[%emt 0:00:01]} 21. fxe5 {[%emt 0:00:01]} Nxh4 {[%emt 0:00:00]} 22. Qg3 {[%emt 0:00:01]} Nf5 {[%emt 0:00:00]} 23. Qf2 {[%emt 0:00:01]} b4 {[%emt 0:00:01]} 24. Bd2 {[%emt 0:00:01]} Qb6 {[%emt 0:00:01]} 25. Rac1 {[%emt 0:00:01]} Rfc8 {[%emt 0:00:01]} 26. cxb4 {[%emt 0:00:01]} axb4 {[%emt 0:00:01]} 27. b3 {[%emt 0:00:01]} Qxd4 {[%emt 0:00:01]} 28. Be3 {[%emt 0:00:01]} Nxe3 {[%emt 0:00:01]} 29. Rxe3 {[%emt 0:00:00]} Rxc1+ {[%emt 0:00:02] Stefanone abbandona Stefanone abbandona Stefanone abbandona (Lag: Av=0.60s, max=0.7s) (Lag: Av=0.60s, max=0.7s) (Lag: Av=0.60s, max=0.7s)} 0-1

[Event "414 Stay Safe Play From Home series"]
[Site "Emanuel Lasker Arena"]
[Date "2020.08.27"]
[Round "1"]
[White "Klasman"]
[Black "AChessPlayer"]
[Result "0-1"]
[WhiteElo "1342"]
[BlackElo "2336"]
[PlyCount "36"]
[EventDate "2020.08.27"]
[EventType "swiss (blitz)"]

1. f4 {[%emt 0:00:02]} d6 {[%emt 0:00:01]} 2. Nf3 {[%emt 0:00:02]} g6 {[%emt 0:00:00]} 3. e4 {[%emt 0:00:01]} Bg7 {[%emt 0:00:00]} 4. d4 {[%emt 0:00:01]} c5 {[%emt 0:00:00]} 5. d5 {[%emt 0:00:02]} Nf6 {[%emt 0:00:01]} 6. Bd3 {[%emt 0:00:03]} O-O {[%emt 0:00:01]} 7. c4 {[%emt 0:00:01]} e6 {[%emt 0:00:01]} 8. Be3 {[%emt 0:00:02]} exd5 {[%emt 0:00:00]} 9. cxd5 {[%emt 0:00:03]} Nxe4 {[%emt 0:00:01]} 10. Bxe4 {[%emt 0:00:03]} Re8 {[%emt 0:00:00]} 11. Nc3 {[%emt 0:00:03]} Bxc3+ {[%emt 0:00:02]} 12. bxc3 {[%emt 0:00:05]} Rxe4 {[%emt 0:00:00]} 13. Qd3 {[%emt 0:00:01]} Qe7 {[%emt 0:00:01]} 14. Kf2 {[%emt 0:00:01]} Bf5 {[%emt 0:00:02]} 15. Nh4 {[%emt 0:00:09]} Rxf4+ {[%emt 0:00:01]} 16. Bxf4 {[%emt 0:00:10]} Bxd3 {[%emt 0:00:00]} 17. g3 {[%emt 0:00:06]} Qe2+ {[%emt 0:00:01]} 18. Kg1 {[%emt 0:00:03]} Nd7 {[%emt 0:00:01] Time Time Time (Lag: Av=0.76s, max=1.5s) (Lag: Av=0.76s, max=1.5s) (Lag: Av=0.76s, max=1.5s)} 0-1

[Event "414 Stay Safe Play From Home series"]
[Site "Emanuel Lasker Arena"]
[Date "2020.08.27"]
[Round "2"]
[White "Tran Minh Thang"]
[Black "Eidgenosse"]
[Result "0-1"]
[WhiteElo "2471"]
[BlackElo "2489"]
[PlyCount "126"]
[EventDate "2020.08.27"]
[EventType "swiss (blitz)"]

1. Nf3 {[%emt 0:00:03]} d6 {[%emt 0:00:00]} 2. e3 {[%emt 0:00:01]} Nd7 {[%emt 0:00:00]} 3. b3 {[%emt 0:00:00]} e5 {[%emt 0:00:00]} 4. Bb2 {[%emt 0:00:00]} g6 {[%emt 0:00:00]} 5. d4 {[%emt 0:00:00]} Bg7 {[%emt 0:00:00]} 6. dxe5 {[%emt 0:00:00]} dxe5 {[%emt 0:00:00]} 7. Nbd2 {[%emt 0:00:00]} Qe7 {[%emt 0:00:01]} 8. Nc4 {[%emt 0:00:02]} f6 {[%emt 0:00:01]} 9. a4 {[%emt 0:00:01]} Nh6 {[%emt 0:00:01]} 10. e4 {[%emt 0:00:01]} Nf7 {[%emt 0:00:01]} 11. Ne3 {[%emt 0:00:00]} Nd6 {[%emt 0:00:02]} 12. Nd5 {[%emt 0:00:01]} Qd8 {[%emt 0:00:00]} 13. Ba3 {[%emt 0:00:00]} Nxe4 {[%emt 0:00:02]} 14. Be7 {[%emt 0:00:04]} Qxe7 {[%emt 0:00:07]} 15. Nxe7 {[%emt 0:00:01]} Kxe7 {[%emt 0:00:00]} 16. Bc4 {[%emt 0:00:02]} Nd6 {[%emt 0:00:01]} 17. O-O {[%emt 0:00:03]} Nf8 {[%emt 0:00:01]} 18. Re1 {[%emt 0:00:01]} Ne6 {[%emt 0:00:01]} 19. Bxe6 {[%emt 0:00:01]} Bxe6 {[%emt 0:00:01]} 20. Nd2 {[%emt 0:00:00]} Kf7 {[%emt 0:00:01]} 21. c4 {[%emt 0:00:00]} Rad8 {[%emt 0:00:01]} 22. c5 {[%emt 0:00:00]} Nf5 {[%emt 0:00:01]} 23. Qc2 {[%emt 0:00:03]} h5 {[%emt 0:00:01]} 24. Qc3 {[%emt 0:00:02]} h4 {[%emt 0:00:02]} 25. a5 {[%emt 0:00:01]} h3 {[%emt 0:00:01]} 26. g3 {[%emt 0:00:00]} Bh6 {[%emt 0:00:01]} 27. Nf1 {[%emt 0:00:07]} Nd4 {[%emt 0:00:01]} 28. a6 {[%emt 0:00:01]} Bd5 {[%emt 0:00:01]} 29. f4 {[%emt 0:00:08]} Nf3+ {[%emt 0:00:03]} 30. Kf2 {[%emt 0:00:00]} exf4 {[%emt 0:00:01]} 31. axb7 {[%emt 0:00:03]} Ne5 {[%emt 0:00:02]} 32. Rxe5 {[%emt 0:00:01]} fxe5 {[%emt 0:00:01]} 33. Qxe5 {[%emt 0:00:00]} fxg3+ {[%emt 0:00:01]} 34. Kxg3 {[%emt 0:00:00]} Rhf8 {[%emt 0:00:00]} 35. Qxc7+ {[%emt 0:00:01]} Kg8 {[%emt 0:00:01]} 36. b8=Q {[%emt 0:00:01]} Rxb8 {[%emt 0:00:01]} 37. Qxa7 {[%emt 0:00:02]} Bf4+ {[%emt 0:00:01]} 38. Kxh3 {[%emt 0:00:00]} Rxb3+ {[%emt 0:00:01]} 39. Ng3 {[%emt 0:00:01]} Be6+ {[%emt 0:00:02]} 40. Kg2 {[%emt 0:00:00]} Rb2+ {[%emt 0:00:00]} 41. Kf3 {[%emt 0:00:01]} Bb8+ {[%emt 0:00:01]} 42. Ke4 {[%emt 0:00:00]} Bxa7 {[%emt 0:00:01]} 43. Rxa7 {[%emt 0:00:00]} Bf5+ {[%emt 0:00:00]} 44. Ke5 {[%emt 0:00:00]} Re2+ {[%emt 0:00:01]} 45. Kf4 {[%emt 0:00:00]} Rc8 {[%emt 0:00:02]} 46. Kg5 {[%emt 0:00:00]} Ree8 {[%emt 0:00:01]} 47. Kh6 {[%emt 0:00:00]} g5 {[%emt 0:00:01]} 48. Rg7+ {[%emt 0:00:00]} Kf8 {[%emt 0:00:00]} 49. Nxf5 {[%emt 0:00:00]} Re6+ {[%emt 0:00:00]} 50. Kh7 {[%emt 0:00:01]} Rcc6 {[%emt 0:00:00]} 51. Rg8+ {[%emt 0:00:00]} Kf7 {[%emt 0:00:00]} 52. Rg7+ {[%emt 0:00:00]} Kf6 {[%emt 0:00:00]} 53. Ng3 {[%emt 0:00:00]} Ke5 {[%emt 0:00:00]} 54. Nh5 {[%emt 0:00:00]} Rg6 {[%emt 0:00:00]} 55. Rxg6 {[%emt 0:00:01]} Rc7+ {[%emt 0:00:00]} 56. Kh6 {[%emt 0:00:01]} g4 {[%emt 0:00:01]} 57. Rg5+ {[%emt 0:00:00]} Kd4 {[%emt 0:00:00]} 58. Rg6 {[%emt 0:00:00]} Kc3 {[%emt 0:00:00]} 59. Nf4 {[%emt 0:00:00]} Rxc5 {[%emt 0:00:00]} 60. Ne6 {[%emt 0:00:00]} Rc6 {[%emt 0:00:00]} 61. Nd4 {[%emt 0:00:00]} Rxg6+ {[%emt 0:00:01]} 62. Kxg6 {[%emt 0:00:00]} g3 {[%emt 0:00:00]} 63. Kg5 {[%emt 0:00:00]} g2 {[%emt 0:00:00] Time Time Time (Lag: Av=0.64s, max=1.1s) (Lag: Av=0.64s, max=1.1s) (Lag: Av=0.64s, max=1.1s) . . .} 0-1

[Event "414 Stay Safe Play From Home series"]
[Site "Emanuel Lasker Arena"]
[Date "2020.08.27"]
[Round "2"]
[White "Mepe_Nika"]
[Black "NTBT_DHS"]
[Result "1-0"]
[WhiteElo "2379"]
[BlackElo "2549"]
[PlyCount "115"]
[EventDate "2020.08.27"]
[EventType "swiss (blitz)"]

1. Nf3 {[%emt 0:00:01]} d5 {[%emt 0:00:02]} 2. g3 {[%emt 0:00:01]} Nf6 {[%emt 0:00:00]} 3. Bg2 {[%emt 0:00:00]} c5 {[%emt 0:00:00]} 4. d4 {[%emt 0:00:02]} Nc6 {[%emt 0:00:00]} 5. O-O {[%emt 0:00:01]} cxd4 {[%emt 0:00:00]} 6. Nxd4 {[%emt 0:00:01]} e5 {[%emt 0:00:00]} 7. Nxc6 {[%emt 0:00:00]} bxc6 {[%emt 0:00:00]} 8. c4 {[%emt 0:00:00]} Be6 {[%emt 0:00:00]} 9. Nc3 {[%emt 0:00:02]} Rc8 {[%emt 0:00:00]} 10. Qa4 {[%emt 0:00:04]} Qd7 {[%emt 0:00:00]} 11. Rd1 {[%emt 0:00:01]} d4 {[%emt 0:00:02]} 12. e3 {[%emt 0:00:02]} Bc5 {[%emt 0:00:03]} 13. exd4 {[%emt 0:00:01]} Bxd4 {[%emt 0:00:00]} 14. Be3 {[%emt 0:00:01]} O-O {[%emt 0:00:01]} 15. Bxd4 {[%emt 0:00:02]} exd4 {[%emt 0:00:00]} 16. Ne4 {[%emt 0:00:03]} Nxe4 {[%emt 0:00:01]} 17. Bxe4 {[%emt 0:00:00]} c5 {[%emt 0:00:04]} 18. Qxd7 {[%emt 0:00:02]} Bxd7 {[%emt 0:00:01]} 19. b4 {[%emt 0:00:02]} cxb4 {[%emt 0:00:06]} 20. Rxd4 {[%emt 0:00:01]} Be6 {[%emt 0:00:00]} 21. Bd5 {[%emt 0:00:01]} Rfd8 {[%emt 0:00:01]} 22. Kg2 {[%emt 0:00:02]} a5 {[%emt 0:00:01]} 23. Rad1 {[%emt 0:00:02]} Bxd5+ {[%emt 0:00:04]} 24. cxd5 {[%emt 0:00:04]} Rd6 {[%emt 0:00:02]} 25. Kf3 {[%emt 0:00:02]} f6 {[%emt 0:00:02]} 26. R1d3 {[%emt 0:00:01]} Rc2 {[%emt 0:00:01]} 27. a3 {[%emt 0:00:01]} Rb2 {[%emt 0:00:02]} 28. axb4 {[%emt 0:00:01]} axb4 {[%emt 0:00:00]} 29. h4 {[%emt 0:00:02]} Kf7 {[%emt 0:00:01]} 30. h5 {[%emt 0:00:01]} g6 {[%emt 0:00:04]} 31. hxg6+ {[%emt 0:00:01]} hxg6 {[%emt 0:00:00]} 32. Rc4 {[%emt 0:00:00]} f5 {[%emt 0:00:02]} 33. Rc6 {[%emt 0:00:01]} Ke7 {[%emt 0:00:01]} 34. Rc7+ {[%emt 0:00:01]} Kf6 {[%emt 0:00:01]} 35. Ke3 {[%emt 0:00:02]} Rb1 {[%emt 0:00:04]} 36. Kd4 {[%emt 0:00:01]} Kg5 {[%emt 0:00:01]} 37. Rc6 {[%emt 0:00:01]} Rxc6 {[%emt 0:00:03]} 38. dxc6 {[%emt 0:00:00]} Rc1 {[%emt 0:00:00]} 39. f4+ {[%emt 0:00:01]} Kg4 {[%emt 0:00:01]} 40. Kd5 {[%emt 0:00:00]} Rb1 {[%emt 0:00:03]} 41. c7 {[%emt 0:00:01]} Rc1 {[%emt 0:00:01]} 42. Kd6 {[%emt 0:00:00]} g5 {[%emt 0:00:00]} 43. fxg5 {[%emt 0:00:01]} Kxg5 {[%emt 0:00:01]} 44. Rb3 {[%emt 0:00:01]} Rd1+ {[%emt 0:00:01]} 45. Ke7 {[%emt 0:00:01]} Rc1 {[%emt 0:00:00]} 46. Kd7 {[%emt 0:00:00]} Rd1+ {[%emt 0:00:00]} 47. Kc8 {[%emt 0:00:00]} Rd4 {[%emt 0:00:00]} 48. Rb2 {[%emt 0:00:01]} Rc4 {[%emt 0:00:01]} 49. Kb7 {[%emt 0:00:00]} Kg4 {[%emt 0:00:00]} 50. c8=Q {[%emt 0:00:00]} Rxc8 {[%emt 0:00:00]} 51. Kxc8 {[%emt 0:00:00]} Kxg3 {[%emt 0:00:00]} 52. Rxb4 {[%emt 0:00:00]} f4 {[%emt 0:00:00]} 53. Rb2 {[%emt 0:00:00]} f3 {[%emt 0:00:00]} 54. Rb3 {[%emt 0:00:00]} Kf4 {[%emt 0:00:00]} 55. Rb2 {[%emt 0:00:00]} Ke3 {[%emt 0:00:01]} 56. Rb1 {[%emt 0:00:00]} Kf4 {[%emt 0:00:00]} 57. Rb3 {[%emt 0:00:00]} Kg3 {[%emt 0:00:00]} 58. Rb2 {[%emt 0:00:00] Time Time Time (Lag: Av=0.65s, max=1.0s) (Lag: Av=0.65s, max=1.0s) (Lag: Av=0.65s, max=1.0s)} 1-0

[Event "414 Stay Safe Play From Home series"]
[Site "Emanuel Lasker Arena"]
[Date "2020.08.27"]
[Round "2"]
[White "AChessPlayer"]
[Black "IceQueen"]
[Result "0-1"]
[WhiteElo "2336"]
[BlackElo "2283"]
[PlyCount "58"]
[EventDate "2020.08.27"]
[EventType "swiss (blitz)"]

1. Nf3 {[%emt 0:00:02]} d6 {[%emt 0:00:00]} 2. g3 {[%emt 0:00:01]} Nf6 {[%emt 0:00:00]} 3. Bg2 {[%emt 0:00:00]} g6 {[%emt 0:00:00]} 4. O-O {[%emt 0:00:00]} Bg7 {[%emt 0:00:00]} 5. d4 {[%emt 0:00:00]} O-O {[%emt 0:00:00]} 6. Nc3 {[%emt 0:00:01]} Nbd7 {[%emt 0:00:00]} 7. a4 {[%emt 0:00:00]} e5 {[%emt 0:00:00]} 8. d5 {[%emt 0:00:00]} a6 {[%emt 0:00:01]} 9. a5 {[%emt 0:00:01]} Ne8 {[%emt 0:00:01]} 10. Nd2 {[%emt 0:00:01]} f5 {[%emt 0:00:01]} 11. e4 {[%emt 0:00:00]} Nef6 {[%emt 0:00:00]} 12. Nc4 {[%emt 0:00:01]} Nc5 {[%emt 0:00:01]} 13. b4 {[%emt 0:00:01]} Ncxe4 {[%emt 0:00:01]} 14. Nxe4 {[%emt 0:00:01]} Nxe4 {[%emt 0:00:00]} 15. Bxe4 {[%emt 0:00:01]} fxe4 {[%emt 0:00:00]} 16. Ne3 {[%emt 0:00:01]} Bh3 {[%emt 0:00:02]} 17. c4 {[%emt 0:00:01]} Bxf1 {[%emt 0:00:02]} 18. Qxf1 {[%emt 0:00:00]} Qd7 {[%emt 0:00:00]} 19. Bb2 {[%emt 0:00:01]} Rf7 {[%emt 0:00:01]} 20. Qg2 {[%emt 0:00:02]} Raf8 {[%emt 0:00:01]} 21. Rf1 {[%emt 0:00:01]} Bh6 {[%emt 0:00:01]} 22. Qxe4 {[%emt 0:00:02]} Bxe3 {[%emt 0:00:00]} 23. Qxe3 {[%emt 0:00:00]} Qa4 {[%emt 0:00:01]} 24. Bc3 {[%emt 0:00:03]} Qb3 {[%emt 0:00:02]} 25. c5 {[%emt 0:00:08]} Rf3 {[%emt 0:00:01]} 26. Qe4 {[%emt 0:00:06]} Qxc3 {[%emt 0:00:01]} 27. cxd6 {[%emt 0:00:01]} cxd6 {[%emt 0:00:00]} 28. Qg4 {[%emt 0:00:01]} Qc8 {[%emt 0:00:04]} 29. Qe4 {[%emt 0:00:01]} Qf5 {[%emt 0:00:01] AChessPlayer resigns AChessPlayer resigns AChessPlayer resigns (Lag: Av=0.61s, max=1.5s) (Lag: Av=0.61s, max=1.5s) (Lag: Av=0.61s, max=1.5s)} 0-1